000
00262nam a22001097a 4500
082
_a
621.38416 BER'G
100
_a
BERENS, JULICES
_9
59019
245
_a
GETTING STARTED IN AMATEUR RADIO
260
_a
NEWYORK
_b
JOHN F. RIDER
_c
1957
300
_a
136P
942
_c
BK
999
_c
569079
_d
569079